[Event "Madrid San Viator op-A 26th"]
[Site "Madrid"]
[Date "2016.05.22"]
[Round "7"]
[White "Garcia Seijas, Adrian"]
[Black "Blasco Gallardo, Francisco"]
[Result "0-1"]
[WhiteElo "1673"]
[BlackElo "1421"]
[PlyCount "82"]
[EventDate "2016.04.03"]
[EventType "swiss"]
[EventRounds "9"]
[EventCountry "ESP"]
[SourceTitle "EXT 2017"]
[Source "ChessBase"]
[SourceDate "2016.10.25"]
[SourceVersion "1"]
[SourceVersionDate "2016.10.25"]
[SourceQuality "1"]

1. d4 g6 2. Nf3 Bg7 3. Bg5 d6 4. e3 Bg4 5. Nbd2 c5 6. c3 Qb6 7. Rb1 cxd4 8. exd4 Bf5 9. Nc4 Qc7 10. Ra1 Nd7 11. Be2 d5 12. Ne3 Be4 13. 0-0 Ngf6 14. Qd2 Nh5 15. c4 Nf4 16. Bxf4 Qxf4 17. cxd5 Bxf3 18. Bxf3 Bxd4 19. Qe2 Ne5 20. Qb5+ Kf8 21. Be2 Kg7 22. Qb3 Rac8 23. Rad1 Bb6 24. h3 Bc7 25. g3 Nf3+ 26. Kh1 Qe4 27. Bd3 Qe5 28. Ng4 Qd6 29. Bc2 h5 30. Qxf3 hxg4 31. Qxg4 Qf6 32. b4 Rxh3+ 33. Kg2 Rch8 34. Rh1 Rxh1 35. Rxh1 Rxh1 36. Kxh1 Qxf2 37. Be4 Bxg3 38. Qh3 Qe1+ 39. Kg2 Qf2+ 40. Kh1 Bd6 41. a3 Qe1+ 0-1

[Event "Madrid San Viator op-A 26th"]
[Site "Madrid"]
[Date "2016.05.15"]
[Round "6"]
[White "Sanchez Gomez, Emiliano"]
[Black "Blasco Gallardo, Francisco"]
[Result "1-0"]
[WhiteElo "1800"]
[BlackElo "1421"]
[PlyCount "57"]
[EventDate "2016.04.03"]
[EventType "swiss"]
[EventRounds "9"]
[EventCountry "ESP"]
[SourceTitle "EXT 2017"]
[Source "ChessBase"]
[SourceDate "2016.10.25"]
[SourceVersion "1"]
[SourceVersionDate "2016.10.25"]
[SourceQuality "1"]

1. e4 g6 2. d4 Bg7 3. Nf3 d6 4. h3 Nf6 5. Nc3 a6 6. a4 Nbd7 7. Be2 b6 8. e5 dxe5 9. dxe5 Ng8 10. e6 fxe6 11. Ng5 Ne5 12. Qxd8+ Kxd8 13. f4 h6 14. fxe5 hxg5 15. Bxg5 Bxe5 16. 0-0-0+ Ke8 17. Bf3 Rb8 18. Bc6+ Kf7 19. Rd8 Nh6 20. Rxh8 Bxh8 21. Bxh6 Bb7 22. Rf1+ Bf6 23. Bxb7 Rxb7 24. g4 Ke8 25. Ne4 Be5 26. Rf8+ Kd7 27. Rg8 a5 28. Rxg6 b5 29. Nc5+ 1-0

[Event "Madrid San Viator op-B 25th"]
[Site "Madrid"]
[Date "2015.11.08"]
[Round "7"]
[White "Blasco Gallardo, Francisco"]
[Black "Tenorio Garcia, Joel"]
[Result "1/2-1/2"]
[WhiteElo "1495"]
[BlackElo "1277"]
[PlyCount "52"]
[EventDate "2015.10.04"]
[EventType "swiss"]
[EventRounds "9"]
[EventCountry "ESP"]
[SourceTitle "EXT 2019"]
[Source "ChessBase"]
[SourceDate "2018.10.10"]
[SourceVersion "1"]
[SourceVersionDate "2018.10.10"]
[SourceQuality "1"]

1. d4 Nf6 2. Bf4 d5 3. e3 Bf5 4. Nf3 e6 5. c4 Bd6 6. Ne5 0-0 7. Qb3 b6 8. Nc3 c5 9. cxd5 Bxe5 10. Bxe5 exd5 11. Bxf6 Qxf6 12. Qxd5 Nd7 13. Bb5 Rad8 14. Rd1 Be6 15. Qb7 cxd4 16. Rxd4 Nc5 17. Qc7 Rxd4 18. exd4 Qxd4 19. 0-0 Ne4 20. Nxe4 Qxe4 21. Bc6 Qc4 22. Qd6 h6 23. b3 Qh4 24. Bf3 Rd8 25. Qc7 Rd7 26. Qc8+ Qd8 1/2-1/2

[Event "Madrid San Viator op 24th"]
[Site "Madrid"]
[Date "2015.03.29"]
[Round "2"]
[White "Martin Rodriguez, Jose Luis"]
[Black "Blasco Gallardo, Francisco"]
[Result "0-1"]
[WhiteElo "1467"]
[BlackElo "1618"]
[PlyCount "56"]
[EventDate "2015.03.22"]
[EventType "swiss"]
[EventRounds "9"]
[EventCountry "ESP"]
[SourceTitle "EXT 2016"]
[Source "ChessBase"]
[SourceDate "2015.10.08"]
[SourceVersion "1"]
[SourceVersionDate "2015.10.08"]
[SourceQuality "1"]

1. e4 g6 2. d4 Bg7 3. Nf3 Nf6 4. Nc3 d6 5. Bc4 0-0 6. Bg5 Bg4 7. h3 Bxf3 8. Qxf3 Nbd7 9. 0-0-0 c6 10. e5 Ne8 11. e6 fxe6 12. Bxe6+ Kh8 13. Qe3 Ndf6 14. Bh6 d5 15. Rd3 Qd6 16. Bf4 Qd8 17. h4 Nd6 18. g4 Nfe4 19. g5 Nf5 20. Qe2 Nxd4 21. Qe3 Nxc3 22. Rxc3 Rxf4 23. Kb1 Qf8 24. h5 Re4 25. hxg6 Nxe6 26. Rxh7+ Kg8 27. Qd2 Qf4 28. Re3 Rxe3 0-1